| 000 | 00878nam a2200229 a 4500 | ||
|---|---|---|---|
| 001 | BRCA_3689 | ||
| 005 | 20190320204401.0 | ||
| 008 | 080909s2007----mx-a---###---#000-0#spa-# | ||
| 020 | _a9703504256 | ||
| 041 | _aspa | ||
| 044 | _amx | ||
| 050 | 4 |
_aCD973.2 _b.E58 2007 |
|
| 245 | 1 | 0 |
_aEntre la memoria y el olvido _bel significado educativo y cultural de los archivos audiovisuales. |
| 260 |
_aMéxico _bCONACULTA : Fototeca Nacional _c2007 |
||
| 300 |
_a277 p. _bil. _c22 cm. |
||
| 500 | _aMemoria de la Conferencia Anual de la Asociación Internacional de Archivos Sonoros y Audiovisuales (IASA). México, 2006 | ||
| 504 | _aIncluye referencias bibliográficas | ||
| 650 | 1 | 4 |
_aArchivos de materiales audiovisuales _vCongresos _99576 |
| 650 | 1 | 4 |
_aBibliotecas _vCongresos _xColecciones especiales _99577 |
| 650 | 1 | 4 |
_aMateriales audiovisuales _vCongresos _99578 |
| 942 |
_2lcc _cB |
||
| 999 |
_c3420 _d3420 |
||